[Event "NACHOD NIKI OPEN 2008"]
[Site "Nachod"]
[Date "2008.??.??"]
[Round "3.20"]
[White "Pavlicek, Petr"]
[Black "Kovar, Petr"]
[Result "1-0"]
[WhiteElo "2111"]
[BlackElo "2000"]
[PlyCount "131"]
[EventDate "2008.06.28"]

1. c4 c5 2. Nc3 Nf6 3. g3 d5 4. cxd5 Nxd5 5. Bg2 Nb6 6. Nf3 Nc6 7. O-O g6 8. d3
Bg7 9. Be3 Nd4 10. Rc1 O-O 11. Nd2 Rb8 12. Nce4 Nd5 13. Rxc5 Nxe3 14. fxe3 Nf5
15. Nc4 b6 16. Rd5 Qc7 17. Nc3 Bxc3 18. bxc3 Be6 19. Rfxf5 Bxf5 20. Qd2 Rfd8
21. Rd4 e5 22. Rxd8+ Rxd8 23. Nb2 b5 24. Nd1 Qa5 25. d4 e4 26. d5 Qa4 27. Nf2
Qc4 28. Qd4 Qxd4 29. exd4 Rxd5 30. g4 Be6 31. Nxe4 Rd8 32. a3 Kg7 33. g5 Bd5
34. Nc5 Bxg2 35. Kxg2 Rd5 36. h4 f5 37. Kf3 Kf7 38. e3 Ke7 39. Ke2 Kd6 40. Nd3
Kc7 41. Kd2 Rd6 42. Nc5 Kc6 43. Kd3 Kd5 44. e4+ fxe4+ 45. Nxe4 Ra6 46. Nf6+ Ke6
47. Nxh7 Rxa3 48. Kc2 Ra1 49. Nf8+ Kf7 50. Nd7 Ke6 51. Nf8+ Kf7 52. Nd7 a5 53.
Ne5+ Kg7 54. d5 Re1 55. Nc6 Kf7 56. Nxa5 Re5 57. d6 Ke6 58. Nb7 Re2+ 59. Kd3
Rh2 60. Kd4 Rxh4+ 61. Kc5 Rc4+ 62. Kxb5 Rxc3 63. Nc5+ Kd5 64. d7 Rxc5+ 65. Kb4
Rc4+ 66. Kb3 1-0

[Event "NACHOD NIKI OPEN 2008"]
[Site "Nachod"]
[Date "2008.??.??"]
[Round "4.1"]
[White "Sergeev, Vladimir"]
[Black "Bauma, Jiri"]
[Result "1-0"]
[WhiteElo "2505"]
[BlackElo "2278"]
[PlyCount "105"]
[EventDate "2008.06.28"]

1. c4 g6 2. d4 Bg7 3. Nf3 Nc6 4. Nc3 Nf6 5. d5 Nb4 6. e4 O-O 7. Be2 a5 8. O-O
b6 9. h3 d6 10. Bg5 Nd7 11. Qd2 Nc5 12. Bh6 e5 13. dxe6 Bxe6 14. Bxg7 Kxg7 15.
Nd4 Qd7 16. Rad1 Rae8 17. Rfe1 Nc6 18. Ndb5 Ne5 19. f4 Nc6 20. f5 gxf5 21. Qg5+
Kh8 22. Qf6+ Kg8 23. Qg5+ Kh8 24. Qf6+ Kg8 25. exf5 Bxf5 26. Nxc7 Re5 27. Rxd6
Qxc7 28. Rxc6 Qe7 29. Qxe7 Rxe7 30. Rf1 Re6 31. Rxe6 fxe6 32. g4 Be4 33. Rxf8+
Kxf8 34. Nxe4 Nxe4 35. Bd3 Ng5 36. h4 Nf3+ 37. Kf2 Ne5 38. Be2 Kg7 39. b3 h6
40. Ke3 Ng6 41. Kd4 e5+ 42. Ke4 Kf6 43. Bd1 Nxh4 44. Kd5 e4 45. Kc6 Ng2 46.
Kxb6 Ne3 47. Be2 Ke6 48. Kxa5 Nc2 49. Kb6 Nd4 50. Bd1 e3 51. c5 e2 52. Bxe2
Nxe2 53. c6 1-0

[Event "NACHOD NIKI OPEN 2008"]
[Site "Nachod"]
[Date "2008.??.??"]
[Round "4.2"]
[White "Kopta, Pavel"]
[Black "Velicka, Petr"]
[Result "0-1"]
[WhiteElo "2276"]
[BlackElo "2496"]
[PlyCount "60"]
[EventDate "2008.06.28"]

1. d4 d5 2. c4 dxc4 3. Nf3 Nf6 4. e3 a6 5. a4 c5 6. Bxc4 Nc6 7. Nc3 e6 8. O-O
Be7 9. dxc5 Qxd1 10. Rxd1 Bxc5 11. b3 b6 12. Ba3 Bxa3 13. Rxa3 Bb7 14. Ra2 Ke7
15. Rad2 Rhd8 16. Nd4 Na5 17. f3 Rdc8 18. Rb1 Nd7 19. Rbd1 Ne5 20. Nde2 Rc7 21.
Kf2 Rac8 22. Na2 Nexc4 23. bxc4 Rxc4 24. Rd7+ Ke8 25. R7d6 Rxa4 26. Nec3 Rac4
27. Rxb6 Rxc3 28. Nxc3 Rxc3 29. Ra1 Rb3 30. Rd6 Nc4 0-1

[Event "NACHOD NIKI OPEN 2008"]
[Site "Nachod"]
[Date "2008.??.??"]
[Round "4.3"]
[White "Volosin, Leonid"]
[Black "Urbanec, Ladislav"]
[Result "1/2-1/2"]
[WhiteElo "2434"]
[BlackElo "2296"]
[PlyCount "90"]
[EventDate "2008.06.28"]

1. Nf3 Nf6 2. c4 c5 3. g3 e6 4. Bg2 Be7 5. O-O O-O 6. Nc3 a6 7. e4 d6 8. d4
cxd4 9. Nxd4 Qc7 10. Be3 Nbd7 11. Rc1 Ne5 12. b3 b6 13. a3 Bb7 14. f4 Ned7 15.
f5 e5 16. Nd5 Qd8 17. Ne2 Nxd5 18. cxd5 Bg5 19. Qd2 Bxe3+ 20. Qxe3 a5 21. Nc3
Ba6 22. Rf2 b5 23. Bf1 b4 24. Bxa6 Rxa6 25. Na4 Qb8 26. Rfc2 Ra7 27. Rc6 Rb7
28. R1c4 Rd8 29. Kg2 f6 30. Qc1 Nf8 31. h4 Qa7 32. Qg1 Qb8 33. Qe3 g6 34. Qf2
Kf7 35. Kh3 Nd7 36. Rc1 Rg8 37. fxg6+ hxg6 38. g4 Rf8 39. Qg3 Ke7 40. Qe3 f5
41. exf5 gxf5 42. Qg5+ Nf6 43. Qxf5 Nxd5 44. Qg5+ Nf6 45. Qe3 Nxg4 1/2-1/2

[Event "NACHOD NIKI OPEN 2008"]
[Site "Nachod"]
[Date "2008.??.??"]
[Round "4.4"]
[White "Kriz, Lubos"]
[Black "Spirin, Oleg"]
[Result "1-0"]
[WhiteElo "2175"]
[BlackElo "2430"]
[PlyCount "151"]
[EventDate "2008.06.28"]

1. Nf3 c5 2. b3 Nf6 3. Bb2 e6 4. g3 b6 5. Bg2 Bb7 6. O-O Be7 7. e3 O-O 8. d4 d6
9. Nbd2 Nbd7 10. c4 Qc7 11. Rc1 Rac8 12. Qe2 Qb8 13. Rfd1 Rfd8 14. e4 cxd4 15.
Nxd4 Re8 16. Re1 Bf8 17. a3 a6 18. Nb1 Nc5 19. Nd2 Qa8 20. f3 Qb8 21. b4 Ncd7
22. N4b3 Ba8 23. Bd4 h6 24. Rc3 Rc7 25. Rec1 Rec8 26. f4 e5 27. Bf2 Re8 28. f5
Rec8 29. g4 d5 30. h4 dxc4 31. Rxc4 Rxc4 32. Rxc4 Rxc4 33. Nxc4 Nh7 34. Qe3 b5
35. Ncd2 Nhf6 36. Bf3 h5 37. g5 Ng4 38. Bxg4 hxg4 39. Qe2 Qd6 40. Qxg4 Nb6 41.
g6 Nd7 42. Bc5 Qf6 43. Bxf8 Nxf8 44. h5 Qd8 45. Qg3 Qd6 46. Qe3 Bc6 47. Nc5 Be8
48. Qd3 Qe7 49. Nf3 a5 50. Qd5 axb4 51. axb4 Qf6 52. Qxe5 Qd8 53. Kf2 Qa8 54.
Qe7 f6 55. Kg3 Qb8+ 56. Kg4 Qa8 57. Nb7 Qa7 58. Qxe8 Qxb7 59. Nd4 Qa7 60. Qf7+
Qxf7 61. gxf7+ Kxf7 62. Nxb5 Nd7 63. Nd6+ Ke7 64. Nc4 Nb8 65. b5 Nd7 66. Kf4
Nc5 67. e5 fxe5+ 68. Nxe5 Kf6 69. b6 Nb7 70. Ng4+ Ke7 71. Kg5 Nd6 72. Ne5 Kd8
73. Kg6 Kc8 74. Nc4 Ne8 75. Kf7 Nf6 76. h6 1-0

[Event "NACHOD NIKI OPEN 2008"]
[Site "Nachod"]
[Date "2008.??.??"]
[Round "4.5"]
[White "Jirka, Jiri"]
[Black "Cechura, Petr"]
[Result "1-0"]
[WhiteElo "2400"]
[BlackElo "2182"]
[PlyCount "67"]
[EventDate "2008.06.28"]

1. d4 d5 2. Nf3 a6 3. g3 Nf6 4. Bg2 Nbd7 5. c4 dxc4 6. Nbd2 Nb6 7. Qc2 g6 8.
O-O Bg7 9. Re1 O-O 10. e4 Bg4 11. h3 Bxf3 12. Nxf3 Qd7 13. a4 a5 14. Be3 Nh5
15. g4 Nf6 16. Ne5 Qc8 17. Nxc4 Nxc4 18. Qxc4 c6 19. Rac1 e6 20. Qb3 Qd7 21.
Red1 h6 22. f4 Rfc8 23. Rf1 Qe7 24. Rf2 Rd8 25. Rcf1 Qb4 26. Qc2 Ne8 27. e5 Nc7
28. f5 exf5 29. gxf5 gxf5 30. Qxf5 Qe7 31. Be4 Ne6 32. Qh7+ Kf8 33. Bxh6 Rxd4
34. Qh8# 1-0

[Event "NACHOD NIKI OPEN 2008"]
[Site "Nachod"]
[Date "2008.??.??"]
[Round "4.6"]
[White "Cerveny, Petr"]
[Black "Kizilkaya, Mehmet"]
[Result "0-1"]
[WhiteElo "2375"]
[BlackElo "2235"]
[PlyCount "72"]
[EventDate "2008.06.28"]

1. Nf3 d5 2. g3 Nf6 3. Bg2 g6 4. d4 Bg7 5. O-O O-O 6. Bf4 c6 7. Qc1 Qb6 8. c4
Bf5 9. c5 Qd8 10. Nc3 Na6 11. a3 Ne4 12. Bh6 f6 13. Bxg7 Kxg7 14. Nh4 Be6 15.
Nxe4 dxe4 16. Qe3 f5 17. f3 exf3 18. Bxf3 Nc7 19. Ng2 Qd7 20. Qe5+ Kg8 21. Nf4
Rad8 22. Rad1 Bd5 23. Bxd5+ cxd5 24. h4 Rf6 25. Rd3 Ne6 26. Re3 Kf7 27. Nh3 Rc8
28. g4 Ng7 29. Ref3 Kg8 30. g5 Re6 31. Qh2 Re4 32. Rf4 e5 33. Rxe4 dxe4 34.
dxe5 Qd4+ 35. Kh1 Qxb2 36. e6 Nxe6 0-1

[Event "NACHOD NIKI OPEN 2008"]
[Site "Nachod"]
[Date "2008.??.??"]
[Round "4.7"]
[White "Cerveny, Martin"]
[Black "Porat, Ido"]
[Result "0-1"]
[WhiteElo "2305"]
[BlackElo "2360"]
[PlyCount "46"]
[EventDate "2008.06.28"]

1. d4 d5 2. c4 Nc6 3. Nf3 Bg4 4. cxd5 Bxf3 5. gxf3 Qxd5 6. e3 e5 7. Nc3 Bb4 8.
Bd2 Bxc3 9. bxc3 Qd6 10. Qb3 b6 11. Rd1 Nge7 12. Bc1 O-O 13. Ba3 Qf6 14. Be2
Rfd8 15. Rg1 Nf5 16. dxe5 Rxd1+ 17. Bxd1 Nxe5 18. f4 Nd3+ 19. Ke2 Qh4 20. Rg2
Rd8 21. Qa4 b5 22. Qd4 Qh5+ 23. f3 Nh4 0-1

[Event "NACHOD NIKI OPEN 2008"]
[Site "Nachod"]
[Date "2008.??.??"]
[Round "4.8"]
[White "Sorm, Daniel"]
[Black "Herejk, Petr"]
[Result "1-0"]
[WhiteElo "2320"]
[BlackElo "2177"]
[PlyCount "71"]
[EventDate "2008.06.28"]

1. d4 Nf6 2. c4 c5 3. e3 g6 4. Nc3 Bg7 5. d5 O-O 6. Nf3 d6 7. Be2 a6 8. O-O e6
9. a4 exd5 10. cxd5 Re8 11. a5 Nbd7 12. Nd2 b5 13. axb6 Nxb6 14. e4 Qc7 15. f4
c4 16. Bf3 Nfd7 17. e5 dxe5 18. Nde4 Bb7 19. d6 Qc8 20. f5 f6 21. Bg4 Qc6 22.
Bf3 Qc8 23. Bg4 Qc6 24. Ra5 Rad8 25. Be3 Kh8 26. Qf3 g5 27. h4 gxh4 28. Qh3 Rg8
29. Bf3 Qc8 30. Qxh4 Rdf8 31. Bh5 Rd8 32. Bg6 Nf8 33. Bxb6 Nxg6 34. fxg6 Bh6
35. Qxf6+ Bg7 36. Qh4 1-0

[Event "NACHOD NIKI OPEN 2008"]
[Site "Nachod"]
[Date "2008.??.??"]
[Round "4.9"]
[White "Novotny, Josef"]
[Black "Jirasek, Pavel"]
[Result "1/2-1/2"]
[WhiteElo "2169"]
[BlackElo "2277"]
[PlyCount "44"]
[EventDate "2008.06.28"]

1. e3 e6 2. d3 Nf6 3. Nf3 d5 4. g3 Be7 5. Bg2 O-O 6. O-O c5 7. Nbd2 Nc6 8. Re1
Rb8 9. e4 b5 10. e5 Nd7 11. Nf1 a5 12. h4 b4 13. N1h2 Qc7 14. Bf4 a4 15. Ng4
Nd4 16. Nxd4 cxd4 17. Nf6+ Kh8 18. Qh5 gxf6 19. exf6 Bd6 20. Bh6 Nxf6 21. Bg7+
Kxg7 22. Qg5+ Kh8 1/2-1/2

[Event "NACHOD NIKI OPEN 2008"]
[Site "Nachod"]
[Date "2008.??.??"]
[Round "4.10"]
[White "Kulhanek, Tomas"]
[Black "Neoral, Antonin"]
[Result "1-0"]
[WhiteElo "2399"]
[BlackElo "2160"]
[PlyCount "60"]
[EventDate "2008.06.28"]

1. e4 c5 2. Nc3 g6 3. Nf3 Bg7 4. d4 cxd4 5. Nxd4 Nc6 6. Be3 d6 7. f3 Nf6 8. Qd2
O-O 9. O-O-O Bd7 10. g4 Rc8 11. h4 Ne5 12. h5 Nxf3 13. Nxf3 Bxg4 14. Be2 Bxh5
15. Rdg1 Bxf3 16. Bxf3 Re8 17. Ne2 Qc7 18. Nd4 Qc4 19. Kb1 e6 20. Rh4 Nd7 21.
Be2 Qc7 22. Nb5 Qd8 23. Rgh1 Qf6 24. Bd4 e5 25. Be3 Nf8 26. Bg4 Ne6 27. Rxh7
Rc4 28. Bh6 Kxh7 29. Bg5+ Kg8 30. Bxf6 Bxf6 1-0

[Event "NACHOD NIKI OPEN 2008"]
[Site "Nachod"]
[Date "2008.??.??"]
[Round "4.11"]
[White "Gerych, Jan"]
[Black "Karlik, Vladimir"]
[Result "0-1"]
[WhiteElo "2062"]
[BlackElo "2317"]
[PlyCount "88"]
[EventDate "2008.06.28"]

1. d4 Nf6 2. Nf3 g6 3. Bf4 Bg7 4. h3 O-O 5. e3 d6 6. Be2 Nfd7 7. c3 e5 8. Bg5
Qe8 9. dxe5 dxe5 10. e4 Nc6 11. O-O Nc5 12. Qc2 f5 13. Nfd2 Ne6 14. Bc4 Kh8 15.
Bxe6 Bxe6 16. f3 Nd8 17. Na3 Nf7 18. Be3 f4 19. Bf2 h5 20. Rfd1 g5 21. Kf1 Qc6
22. Nb3 b6 23. Qe2 Nd6 24. Nd2 a5 25. c4 Rfd8 26. Rac1 Nb7 27. Ndb1 Bf8 28. Kg1
Bc5 29. Bxc5 Qxc5+ 30. Qf2 Rd4 31. Rxd4 exd4 32. Nd2 Rd8 33. Nb3 Qe5 34. Rd1 d3
35. Nc1 Nc5 36. b3 Rd7 37. Nb1 Kg8 38. Qd2 g4 39. Kh2 Qg5 40. Rg1 Rg7 41. g3
fxg3+ 42. Rxg3 Qe5 43. Nxd3 Nxd3 44. Qxd3 gxf3 0-1

[Event "NACHOD NIKI OPEN 2008"]
[Site "Nachod"]
[Date "2008.??.??"]
[Round "4.12"]
[White "Pertlova, Sona"]
[Black "Kosek, Jiri"]
[Result "1/2-1/2"]
[WhiteElo "2159"]
[BlackElo "2053"]
[PlyCount "146"]
[EventDate "2008.06.28"]

1. d4 Nf6 2. c4 g6 3. Nc3 Bg7 4. g3 d5 5. Bg2 c6 6. Nf3 O-O 7. cxd5 cxd5 8. Ne5
b6 9. O-O Bb7 10. b3 Nbd7 11. Ba3 Re8 12. Rc1 Ne4 13. Nxe4 dxe4 14. Nc6 Bxc6
15. Rxc6 f5 16. e3 Nf6 17. Qc2 e6 18. Rc1 Nd5 19. Bf1 Bf8 20. Bxf8 Kxf8 21. Qd2
Re7 22. b4 Kf7 23. Bc4 Rb8 24. a4 Rbb7 25. b5 Rb8 26. Qb2 Qd7 27. Qb3 Rd8 28.
Kf1 Qb7 29. Kg2 Qd7 30. Rc2 Qb7 31. Bxd5 Rxd5 32. Rc8 Kg7 33. R2c6 Kf7 34. Qc3
Qd7 35. R6c7 Qd6 36. Rc6 Qd7 37. R6c7 Qd6 38. Rxe7+ Qxe7 39. Qc6 Rd7 40. Qa8
Kg7 41. Qb8 Rd6 42. h4 Rd5 43. Qc7 Qd7 44. Qc6 Qxc6 45. Rxc6 Kf6 46. Rc7 a6 47.
bxa6 Ra5 48. a7 h5 49. Kf1 Rxa4 50. Ke2 Ra5 51. Rb7 b5 52. Kd2 g5 53. Kc3 Ra4
54. Kb3 gxh4 55. gxh4 Kg6 56. Re7 Kf6 57. Rh7 Kg6 58. Rd7 Kf6 59. Rb7 Kg6 60.
Kc3 Rc4+ 61. Kd2 Ra4 62. Ke2 Ra1 63. Rxb5 Rxa7 64. Kf1 Kf6 65. Kg2 Rg7+ 66. Kh3
Rg1 67. Rb6 Kf7 68. Rb7+ Kf6 69. Rh7 Kg6 70. Rb7 Kf6 71. Rb8 Rh1+ 72. Kg3 Rg1+
73. Kh2 Rg4 1/2-1/2

[Event "NACHOD NIKI OPEN 2008"]
[Site "Nachod"]
[Date "2008.??.??"]
[Round "4.13"]
[White "Malec, Jan"]
[Black "Porat, Maya"]
[Result "0-1"]
[WhiteElo "2050"]
[BlackElo "2156"]
[PlyCount "52"]
[EventDate "2008.06.28"]

1. d4 Nf6 2. Nf3 g6 3. Bf4 Bg7 4. e3 d6 5. Bd3 c5 6. c3 Nc6 7. Nbd2 O-O 8. Bg5
cxd4 9. Nxd4 e5 10. Nxc6 bxc6 11. O-O d5 12. Nb3 Qb6 13. Bxf6 Bxf6 14. e4 Be6
15. Qc2 Bg7 16. Kh1 Rab8 17. c4 dxe4 18. Bxe4 f5 19. c5 Qc7 20. Bd3 Rb4 21. Nd2
e4 22. Bc4 Qf7 23. Bxe6 Qxe6 24. Rab1 Qxa2 25. Ra1 Qxb2 26. Qxb2 Rxb2 0-1

[Event "NACHOD NIKI OPEN 2008"]
[Site "Nachod"]
[Date "2008.??.??"]
[Round "4.14"]
[White "Mojzis, Jan"]
[Black "Neubauer, Vilem"]
[Result "1-0"]
[WhiteElo "2146"]
[BlackElo "2049"]
[PlyCount "80"]
[EventDate "2008.06.28"]

1. e4 g6 2. d4 Bg7 3. Nc3 d6 4. h3 Nd7 5. Nf3 c6 6. a4 e5 7. dxe5 dxe5 8. Be3
Ne7 9. Qd6 O-O 10. Rd1 Qe8 11. Bc4 Kh8 12. O-O f5 13. Bg5 Ng8 14. a5 h6 15. Be6
Ndf6 16. Bxc8 Rxc8 17. Be3 Nxe4 18. Nxe4 fxe4 19. Nd2 Nf6 20. Bxa7 g5 21. Qa3
Qh5 22. Nc4 g4 23. Nd6 Ra8 24. Bb6 Rg8 25. hxg4 Nxg4 26. Qh3 Qg6 27. Rfe1 Nf6
28. Qf5 Qxf5 29. Nxf5 Bf8 30. c3 Nd5 31. Rxe4 Nxb6 32. axb6 Bc5 33. Rxe5 Bxb6
34. Nxh6 Rg6 35. Nf5 Rag8 36. Rd3 Bxf2+ 37. Kxf2 Rg5 38. Rf3 Ra8 39. Rh3+ Kg8
40. Nh6+ Kg7 1-0

[Event "NACHOD NIKI OPEN 2008"]
[Site "Nachod"]
[Date "2008.??.??"]
[Round "4.15"]
[White "Jansa, Vaclav"]
[Black "Pavlicek, Petr"]
[Result "1/2-1/2"]
[WhiteElo "2047"]
[BlackElo "2111"]
[PlyCount "21"]
[EventDate "2008.06.28"]

1. e4 c5 2. Nf3 d6 3. d4 cxd4 4. Nxd4 Nf6 5. Nc3 a6 6. Be2 e5 7. Nb3 Be6 8. O-O
Be7 9. a4 O-O 10. Bg5 Nbd7 11. a5 1/2-1/2

[Event "NACHOD NIKI OPEN 2008"]
[Site "Nachod"]
[Date "2008.??.??"]
[Round "4.16"]
[White "Hubacek, Ondrej"]
[Black "Gromczak, Dariusz"]
[Result "0-1"]
[WhiteElo "1970"]
[BlackElo "2087"]
[PlyCount "64"]
[EventDate "2008.06.28"]

1. e4 c5 2. Nf3 Nc6 3. d4 cxd4 4. Nxd4 Nf6 5. Nc3 e6 6. Nxc6 bxc6 7. e5 Nd5 8.
Ne4 f5 9. exf6 Nxf6 10. Bd3 d5 11. Nxf6+ Qxf6 12. O-O Bd6 13. Qh5+ Qf7 14.
Qxf7+ Kxf7 15. f4 Bc5+ 16. Kh1 Bd4 17. c3 Bf6 18. Be3 a5 19. Rf2 Ba6 20. Bc2 g6
21. Bd4 Bxd4 22. cxd4 Ke7 23. Rc1 Rhc8 24. Bb1 Rab8 25. Rc5 Rb5 26. Rfc2 Rxc5
27. Rxc5 Rb8 28. b3 Rb4 29. Rxc6 Rxd4 30. h3 Rd1+ 31. Kh2 Be2 32. Bc2 Rc1 0-1

[Event "NACHOD NIKI OPEN 2008"]
[Site "Nachod"]
[Date "2008.??.??"]
[Round "4.17"]
[White "Mareckova, Martina"]
[Black "Hlavac, Frantisek"]
[Result "1-0"]
[WhiteElo "2045"]
[BlackElo "2081"]
[PlyCount "60"]
[EventDate "2008.06.28"]

1. e4 Nf6 2. Nc3 d5 3. e5 Ne4 4. Nce2 d4 5. c3 Nc5 6. Nxd4 Qd5 7. Qe2 g6 8. b4
Ncd7 9. Ngf3 Nc6 10. Nb5 Kd8 11. d4 f6 12. exf6 Nxf6 13. Bf4 Ne8 14. Ne5 Bg7
15. O-O-O Rf8 16. Bg3 a5 17. c4 Qg8 18. bxa5 Rxa5 19. Qd2 Ra8 20. Nxc6+ bxc6
21. Nc3 Bf5 22. Bd3 Qh8 23. Bxf5 Rxf5 24. Rhe1 Rfa5 25. Be5 Nd6 26. Qe2 Bh6+
27. f4 Qf8 28. g3 Qf7 29. Bxd6 cxd6 30. Qe6 Qf5 1-0

[Event "NACHOD NIKI OPEN 2008"]
[Site "Nachod"]
[Date "2008.??.??"]
[Round "4.18"]
[White "Schnepel, Thomas"]
[Black "Sykora, Petr"]
[Result "1-0"]
[WhiteElo "1966"]
[BlackElo "2070"]
[PlyCount "81"]
[EventDate "2008.06.28"]

1. e4 d6 2. d4 Nf6 3. Nc3 g6 4. f3 c6 5. Be3 Nbd7 6. Qd2 e5 7. O-O-O Qa5 8. Kb1
b5 9. g4 b4 10. Nce2 Nb6 11. Nc1 Be6 12. Nb3 Bxb3 13. cxb3 Be7 14. a3 exd4 15.
Bxd4 c5 16. axb4 cxb4 17. g5 Nxe4 18. fxe4 Bxg5 19. Qg2 O-O 20. h4 Bf4 21. h5
Be5 22. Nf3 Rac8 23. Bxe5 dxe5 24. Qg5 Na4 25. Bc4 Rxc4 26. bxc4 Nc3+ 27. bxc3
bxc3 28. Kc2 f6 29. Qc1 Rb8 30. Kd3 Qa2 31. Rh2 Qb3 32. Rc2 Rc8 33. Rxc3 Rd8+
34. Ke2 Rxd1 35. Qxd1 Qxc3 36. Qd5+ Kg7 37. hxg6 hxg6 38. c5 a5 39. c6 Qb2+ 40.
Nd2 a4 41. c7 1-0

[Event "NACHOD NIKI OPEN 2008"]
[Site "Nachod"]
[Date "2008.??.??"]
[Round "4.19"]
[White "Blahacek, Evzen"]
[Black "Schejbal, Josef"]
[Result "1/2-1/2"]
[WhiteElo "2068"]
[BlackElo "1873"]
[PlyCount "42"]
[EventDate "2008.06.28"]

1. c4 e5 2. Nc3 Nf6 3. Nf3 Nc6 4. d4 exd4 5. Nxd4 Bb4 6. Bg5 h6 7. Bh4 Bxc3+ 8.
bxc3 Ne5 9. e4 Ng6 10. Bg3 d6 11. f3 O-O 12. Qd2 b6 13. Bf2 Re8 14. Be2 Bb7 15.
O-O Nd7 16. Rfe1 Nc5 17. g3 Qf6 18. Rf1 Qe5 19. Qc2 Ne6 20. Nf5 Ne7 21. Ne3 Nc5
1/2-1/2

[Event "NACHOD NIKI OPEN 2008"]
[Site "Nachod"]
[Date "2008.??.??"]
[Round "4.20"]
[White "Munk, Petr"]
[Black "Bazant, Zdenek"]
[Result "0-1"]
[WhiteElo "2221"]
[BlackElo "1853"]
[PlyCount "68"]
[EventDate "2008.06.28"]

1. e4 c5 2. c3 d5 3. exd5 Qxd5 4. d4 Nc6 5. dxc5 Qxd1+ 6. Kxd1 Bg4+ 7. Nf3
O-O-O+ 8. Ke1 e5 9. Be3 f5 10. Bg5 Rd7 11. b4 h6 12. Bd2 e4 13. Nh4 Nge7 14. h3
Bh5 15. g4 fxg4 16. hxg4 Bxg4 17. Rg1 Ne5 18. Na3 g5 19. Rxg4 Nxg4 20. Bh3 h5
21. Bxg5 Rg8 22. Bxg4 hxg4 23. Bxe7 Bxe7 24. Nf5 Rf8 25. Nxe7+ Rxe7 26. Nc4 e3
27. fxe3 g3 28. Ke2 Rf2+ 29. Kd3 g2 30. Nd6+ Kc7 31. Rg1 Rh7 32. Ne4 Rh1 33.
Rxg2 Rxg2 34. a4 Rd1+ 0-1

[Event "NACHOD NIKI OPEN 2008"]
[Site "Nachod"]
[Date "2008.??.??"]
[Round "5.1"]
[White "Velicka, Petr"]
[Black "Sergeev, Vladimir"]
[Result "1/2-1/2"]
[WhiteElo "2496"]
[BlackElo "2505"]
[PlyCount "31"]
[EventDate "2008.06.28"]

1. e4 Nf6 2. e5 Nd5 3. d4 d6 4. c4 Nb6 5. exd6 exd6 6. Nc3 Be7 7. Nf3 O-O 8.
Be2 Re8 9. O-O Bf6 10. h3 Bf5 11. Bf4 N8d7 12. Bd3 Bxd3 13. Qxd3 Nf8 14. Rfe1
Rxe1+ 15. Rxe1 Ne6 16. Bg3 1/2-1/2

[Event "NACHOD NIKI OPEN 2008"]
[Site "Nachod"]
[Date "2008.??.??"]
[Round "5.2"]
[White "Porat, Ido"]
[Black "Jirka, Jiri"]
[Result "0-1"]
[WhiteElo "2360"]
[BlackElo "2400"]
[PlyCount "102"]
[EventDate "2008.06.28"]

1. d4 d5 2. c4 c6 3. Nf3 Nf6 4. e3 Bf5 5. Nc3 a6 6. Qb3 b5 7. cxd5 cxd5 8. a4
b4 9. Ne2 a5 10. Ng3 Bc8 11. Bb5+ Nbd7 12. O-O e6 13. Ne5 Bb7 14. Nh5 Bc8 15.
Qd1 Bd6 16. Nxg7+ Kf8 17. Nxd7+ Bxd7 18. Bxd7 Nxd7 19. Nh5 Qh4 20. g3 Qe4 21.
Nf4 Bxf4 22. exf4 Rc8 23. Qh5 f5 24. Qd1 Ke7 25. b3 Qc2 26. Be3 Qxd1 27. Rfxd1
Rc3 28. Rab1 Nf6 29. Bd2 Rc2 30. f3 Rhc8 31. Rdc1 Kd7 32. Rd1 Ra2 33. Kf1 Rcc2
34. Ke2 Kd6 35. Kd3 Nd7 36. h3 h5 37. Rbc1 Rxc1 38. Bxc1 Rg2 39. Ke3 Rxg3 40.
Kf2 h4 41. Bd2 Rxh3 42. Rg1 Nb6 43. Bc1 Rh2+ 44. Rg2 Rh1 45. Rg1 Rxg1 46. Kxg1
Nc4 47. Kg2 Na3 48. Kh3 Nc2 49. Bb2 Ne1 50. Kxh4 Nd3 51. Ba1 Nc1 0-1

[Event "NACHOD NIKI OPEN 2008"]
[Site "Nachod"]
[Date "2008.??.??"]
[Round "5.3"]
[White "Kizilkaya, Mehmet"]
[Black "Sorm, Daniel"]
[Result "1/2-1/2"]
[WhiteElo "2235"]
[BlackElo "2320"]
[PlyCount "32"]
[EventDate "2008.06.28"]

1. e4 c5 2. c3 d5 3. exd5 Qxd5 4. d4 Nf6 5. Nf3 e6 6. Be2 Be7 7. O-O O-O 8. Ne5
cxd4 9. cxd4 Qd8 10. Bf3 Nbd7 11. Nc3 Nb6 12. Be3 Nfd5 13. Qb3 Bf6 14. Ne4 Nxe3
15. Qxe3 Rb8 16. Qf4 Bd7 1/2-1/2

[Event "NACHOD NIKI OPEN 2008"]
[Site "Nachod"]
[Date "2008.??.??"]
[Round "5.4"]
[White "Karlik, Vladimir"]
[Black "Kriz, Lubos"]
[Result "1/2-1/2"]
[WhiteElo "2317"]
[BlackElo "2175"]
[PlyCount "55"]
[EventDate "2008.06.28"]

1. d4 d5 2. Bf4 Nf6 3. e3 c5 4. c3 Nc6 5. Nd2 e6 6. Bd3 h6 7. Ngf3 Bd6 8. Bg3
Bxg3 9. hxg3 Qd6 10. dxc5 Qxc5 11. e4 dxe4 12. Nxe4 Nxe4 13. Bxe4 O-O 14. O-O
Rd8 15. Qe2 Bd7 16. Rad1 Be8 17. Bc2 g6 18. Nd2 Kg7 19. Ne4 Qe7 20. Qe3 Rxd1
21. Rxd1 Rd8 22. Rxd8 Qxd8 23. Nc5 b6 24. Nd3 Qd6 25. b4 f6 26. f4 Ne7 27. Nf2
Bc6 28. Bb3 1/2-1/2

[Event "NACHOD NIKI OPEN 2008"]
[Site "Nachod"]
[Date "2008.??.??"]
[Round "5.5"]
[White "Porat, Maya"]
[Black "Volosin, Leonid"]
[Result "0-1"]
[WhiteElo "2156"]
[BlackElo "2434"]
[PlyCount "90"]
[EventDate "2008.06.28"]

1. d4 d5 2. c4 dxc4 3. Nf3 a6 4. e3 Nf6 5. Bxc4 e6 6. Nc3 c5 7. Bb3 b5 8. O-O
Bb7 9. a3 Nbd7 10. Qe2 Bd6 11. Rd1 Qc7 12. Bc2 O-O 13. h3 Rac8 14. Ng5 h6 15.
Nge4 Bxe4 16. Nxe4 Bh2+ 17. Kh1 cxd4 18. Nxf6+ Nxf6 19. Bb3 Bd6 20. exd4 Rfd8
21. Qf3 Be7 22. Be3 Nd5 23. Qg4 Kh8 24. Qh5 Bf8 25. a4 Qe7 26. axb5 axb5 27.
Rd2 Kg8 28. Rad1 Rc7 29. Qe2 Nxe3 30. fxe3 Qb4 31. Qd3 Rdc8 32. Rf1 Rc1 33.
Rdd1 Rxd1 34. Rxd1 Bd6 35. Rf1 Bb8 36. e4 Rd8 37. Qf3 Rd7 38. Rc1 Qxd4 39. Rc8+
Rd8 40. Rc3 Qe5 41. g3 b4 42. Rd3 Rxd3 43. Qxd3 Qxb2 44. Qf3 Be5 45. Qd3 Qf2
0-1

[Event "NACHOD NIKI OPEN 2008"]
[Site "Nachod"]
[Date "2008.??.??"]
[Round "5.6"]
[White "Bazant, Zdenek"]
[Black "Kulhanek, Tomas"]
[Result "0-1"]
[WhiteElo "1853"]
[BlackElo "2399"]
[PlyCount "78"]
[EventDate "2008.06.28"]

1. e4 c5 2. Nc3 Nc6 3. f4 g6 4. Nf3 Bg7 5. Bb5 Nd4 6. Nxd4 cxd4 7. Ne2 a6 8.
Ba4 b5 9. Bb3 d6 10. d3 e6 11. O-O Ne7 12. Qe1 O-O 13. Qh4 Nc6 14. Qxd8 Rxd8
15. Bd2 f5 16. exf5 gxf5 17. Ng3 d5 18. a4 b4 19. Nh5 Bf8 20. Rf3 Na5 21. Ba2
Kf7 22. c4 dxc4 23. dxc4 Bb7 24. Rg3 Rac8 25. Rc1 Be4 26. c5 Nc6 27. Bc4 a5 28.
b3 d3 29. Kf1 Nd4 30. Re1 Rxc5 31. Rh3 Rxc4 32. bxc4 Nb3 33. Rd1 Nxd2+ 34. Rxd2
b3 35. Ng3 Bb4 36. Nxe4 fxe4 37. Rd1 b2 38. Rb1 d2 39. Ke2 d1=Q+ 0-1